Music Quiz

Random Music or Album Quiz

Tina Dico Albums Quiz Stats

 Plays Quiz not verified by Sporcle

Score 0/7 Timer 04:00
0 Plays Today
Year Album % Correct
2007Count to Ten
100%
2005In the Red
87.5%
2009The Road To Gävle
87.5%
2001Fuel
75%
2010Welcome Back Colour
75%
2003Notes
62.5%
2008A Beginning, A Detour, an Opening Ending
50%

You're not logged in!

Compare scores with friends on all Sporcle quizzes.
OR
Log In

Sporcle TV

Today on Sporcle TV


Watch our educational content, quiz creation guides, and fun videos on Sporcle TV.

Show Comments

Extras

Created Nov 12, 2010SourceReportNominate
Tags:Album Quiz

Top Quizzes Today


Score Distribution

Your Account Isn't Verified!

In order to create a playlist on Sporcle, you need to verify the email address you used during registration. Go to your Sporcle Settings to finish the process.

Report this User

Report this user for behavior that violates our Community Guidelines.

Details: